Famous Personalities of World/ (Record no. 174337)

MARC details
000 -LEADER
fixed length control field 00581nam a22001817a 4500
005 - DATE AND TIME OF LATEST TRANSACTION
control field 20200701111829.0
010 ## - LCCN (DPL NO)
LC control number ENG-128173
020 ## - INTERNATIONAL STANDARD BOOK NUMBER
Terms of availability 400.00
International Standard Book Number 9789383554072
035 ## - SYSTEM CONTROL NUMBER
System control number EN-111705
037 ## - SOURCE OF ACQUISITION
Source of stock number/acquisition DBAD/PUB
082 ## - DEWEY DECIMAL CLASSIFICATION NUMBER
Classification number 920
100 ## - MAIN ENTRY--PERSONAL NAME
Personal name Varma,R.M
245 ## - TITLE STATEMENT
Title Famous Personalities of World/
Statement of responsibility, etc by R.M.Varma
260 ## - PUBLICATION, DISTRIBUTION, ETC. (IMPRINT)
Place of publication, distribution, etc Delhi
Name of publisher, distributor, etc Laxmi Book House
Date of publication, distribution, etc 2018
270 ## - ADDRESS
Address 528/2k/1-A,1st floor,Plot no.15 Gali No.5. Vishwas Nagar Shahdara
City Delhi
Postal code 110032
Telephone number 8368522059
Electronic mail address laxmibookhouse1234@gmail.com
300 ## - PHYSICAL DESCRIPTION
Extent 135p.
Dimensions 23cm(hb)
942 ## - ADDED ENTRY ELEMENTS (KOHA)
Source of classification or shelving scheme Dewey Decimal Classification
Item type English Books
Classification part 920
Call number suffix VAR
Holdings
Withdrawn status Lost status Not for loan Collection code Home library Current library Date acquired Source of acquisition Cost, normal purchase price Full call number Barcode Copy number Cost, replacement price Koha item type
      Non-fiction Central Library Central Library 01/07/2020 DBAD/PUB 400.00 920 VAR EN-111705 1 400.00 English Books

© Delhi Public Library
Hit Counter
free hit counter